| 000 | 01000nam a22002417a 4500 | ||
|---|---|---|---|
| 005 | 20110810113757.0 | ||
| 008 | 110810t xxu||||| |||| 00| 0 eng d | ||
| 010 | _aENG-103473 | ||
| 020 |
_a8187301295 _c200.00 |
||
| 035 | _aEN-87006 | ||
| 037 | _bDBAD/PUB | ||
| 040 |
_aDPL _bEng |
||
| 082 | _a305.42 | ||
| 100 |
_931629 _aAmuthalakshmi, P. |
||
| 245 |
_aSocial entrepreneurship : _cby P.Amuthalakshmi [and] Krishnan Umachandran _bempowering women- below poverty line community (BPLC) / |
||
| 260 |
_aChennai _bArmoise Trustt _c2009 |
||
| 270 |
_bChennai _e600064 _aPlot 19&20, Block C, Sitaraman Street, Kadariammbal Nagar, Jain Nagar Extn, Hasthinapuram, Chitlapakkam _k22237274 |
||
| 300 |
_a240p. _c22cm (pbk) |
||
| 650 | _931639 | ||
| 700 |
_931640 _aUmachandran,Krishnan |
||
| 942 |
_2ddc _cEN _mAMU _h305.42 |
||
| 999 |
_c55556 _d55556 |
||